000 01362 a2200217 4500
001 62491
005 20260407155918.0
008 260407a1992 arg spa d
003 AR-UNSa-BCEJYS
040 _aAR-UNSa-BCEJYS
_bspa
_cAR-UNSa-BCEJYS
080 _a351.712
_xObras públicas. Contratos, contratantes
245 1 0 _aLa iniciativa privada en la concesión de obra y de servicios públicos
020 _a978-950-569-038-1
264 1 _aBuenos Aires :
_bAbaco de Rodolfo Depalma
_c1992
300 _a196 p.
_c23 cm.
505 _a 1. Introducción - 2. La concesión de obra pública y la nueva legislación – 3. Régimen legal – 4. Concesión de obra pública y concesión de servicios públicos – 5. El interés público comprometido – 6. Requisitos que debe contener una iniciativa particular – 7. Procedimiento de selección del concesionario – 8. Derechos del autor de la iniciativa declarada de interés público – 9. Convocatoria a presentación de iniciativas privadas – 10. Breves comentarios a la legislación de la Provincia de Buenos Aires – 11. Breves comentarios a la legislación de la provincia de Mendoza – 12. La concesión por iniciativa privada en el derecho extranjero. El caso de la ley chilena.
041 _aspa
942 _cBK
590 _aniveau_biblio:m niveau_hierar:0
100 1 _aMertehikian, Eduardo
999 _c7685
_d7685